Profesionales en la acción: una mirada crítica a la educación popular

Guardat en:
Dades bibliogràfiques
Autors principals: Martinic Valencia, Sergio (autor), Walker, Horacio (Autor)
Format: Llibre
Idioma:espanyol
Publicat: Santiago CIDE 1988
Matèries:
Etiquetes: Afegir etiqueta
Sense etiquetes, Sigues el primer a etiquetar aquest registre!

MARC

LEADER 00000nam a2200000 a 4500
001 UCW4788
003 CL-VaPUC
008 900816e19880000CL |||||||||||||||||spa|d
082 0 4 |a 370.194  |b MAR  |2 21 
100 |a Martinic Valencia, Sergio  |e autor  |9 559352 
700 0 |a Walker, Horacio  |e author  |9 309595 
245 1 0 |a Profesionales en la acción: una mirada crítica a la educación popular 
300 |a 293 p 
942 |c BK 
945 |d 19900816 00:00:00 
260 |a Santiago  |b CIDE  |c 1988 
650 0 |a Educación popular  |9 308964 
650 0 |a Democratización de la educación  |9 307986 
651 7 |a CHILE  |2 CL-VaPUC  |9 309596 
583 |a last modification  |c 19900816 00:00:00  |k Rodrigo Vera 
999 |c 218408  |d 218406 
952 |0 0  |1 0  |4 0  |6 370_194000000000000_MAR_1988  |7 0  |8 A  |9 207937  |a BIBEDU  |b BIBEDU  |d 2019-11-15  |i 2757818  |o 370.194 MAR 1988  |p 2757818  |r 2019-11-15  |w 2019-11-15  |y BK  |k EDU